LEADER 00979nam a2200241 i 4500 001 000000167260 003 CaOOAMICUS 005 20071128000000.0 008 071128s1963 it u000 u ita u 013 $a144633 040 $aSeMil$bita 100 1 $aCabrera Infante, Guillermo.$0(OLS)http://semarc/name/62923 245 10$aCosė in pace come in guerra /$cGuillermo Cabrera Infante ; traduzione di Giuseppe Cintioli. 260 $a[Milano] :$bArnoldo Mondadori Editore,$c1963. 300 $a178 p. ;$c20 cm. 490 0 $aIl bosco ;$v122 700 1 $aCintioli, Giuseppe.$0(OLS)http://semarc/name/52726 830 3$aIl bosco ;$v122.$0(OLS)http://semarc/title/6840 850 $aSeMil 852 $aSeMil$W1$xVenegono$y1$m1W III 284$j246576$B118412$CSeMilBibl$Z2$F129266 $81 961 $aRecupero: Altro 996 $6245$aCosė in pace come in guerra$9(OLS)http://semarc/title/239225 996 $6260$a[Milano] :$bArnoldo Mondadori Editore$9(OLS)http://semarc/publisher/29634 LEADER 00846nam a2200193 i 4500 001 000000258481 003 CaOOAMICUS 005 20180514000000.0 008 180514s1850 it u000 u ita u 013 $a237389 040 $aSeMil$bita 245 13$aIl sistema diciottenne nel confronto di altri sistemi governativi. 300 $a88, XII p., [9] c. di tav. ripieg. :$bill. 773 0 $aCantalupo, Benedetto <1802-1879>$tPrincipj e gli effetti del sistema governativo delle Due Sicilie dal 1830 al 1848.$bPrimo periodo 2. edizione.$d[S.l. : s.n.], 1850.$g3$w()4899 850 $aSeMil 852 $aSeMil$W1$xVenegono$y1$m3N III 37 FA$j208827$B208827$CSeMilBibl$Z2$F222522 $8I 941 1 $a10 961 $aRecupero: Mantegazza 996 $6245$aIl sistema diciottenne nel confronto di altri sistemi governativi$9(OLS)http://semarc/title/413447